Chronique paulinienne (notice n° 1620128)

détails MARC
000 -LEADER
fixed length control field 02074cam a2200169 4500500
005 - DATE AND TIME OF LATEST TRANSACTION
control field 20260111091023.0
041 ## - LANGUAGE CODE
Language code of text/sound track or separate title fre
042 ## - AUTHENTICATION CODE
Authentication code dc
100 10 - MAIN ENTRY--PERSONAL NAME
Personal name Wargnies, Philippe
Relator term author
245 00 - TITLE STATEMENT
Title Chronique paulinienne
260 ## - PUBLICATION, DISTRIBUTION, ETC.
Date of publication, distribution, etc. 2004.<br/>
500 ## - GENERAL NOTE
General note 55
520 ## - SUMMARY, ETC.
Summary, etc. Cet article s’inscrit dans le contexte de l’année 2004 : l’élargissement à vingt-cinq membres de l’Union Européenne. Il s’agit de mettre en évidence l’héritage commun de ces peuples, et cela d’un point de vue théologique. Cette recherche s’avère vitale, car sans une mémoire collective commune, il n’y a pas d’unité réelle. Le fil rouge de cette mémoire, qui constitue aussi une responsabilité pour l’avenir, c’est la lutte pour la liberté et les libertés. Mais cette lutte se trouve, depuis les Temps Modernes, devant un choix crucial : soit les libertés s’engagent dans une dynamique d’alliance (notamment entre les peuples), y compris avec Dieu (c’est le principe christologique), soit elles cèdent à la pente fatale d’une lutte à mort, et ce sera l’échec.
520 ## - SUMMARY, ETC.
Summary, etc. This article is written with a view to events in 2004 and in particular the enlargement of the European Union to twenty-five members : what is needed is to highlight, from a theological perspective, the common heritage of these peoples. This task is of vital importance, for without a common collective memory, no real unity will be possible. The guiding thread of this unity, which represents a responsibility for the future, is the struggle for freedom and freedoms. However this struggle faces, in the modern world, a crucial choice : either these liberties enter a dynamic of Covenant (in particular between peoples), including with God (the Christological Principle), or they give way to a bitter struggle, in which case the result can only be failure.
786 0# - DATA SOURCE ENTRY
Note Nouvelle revue théologique | 126 | 2 | 2004-04-01 | p. 236-250 | 0029-4845
856 41 - ELECTRONIC LOCATION AND ACCESS
Uniform Resource Identifier <a href="https://shs.cairn.info/revue-nouvelle-revue-theologique-2004-2-page-236?lang=fr&redirect-ssocas=7080">https://shs.cairn.info/revue-nouvelle-revue-theologique-2004-2-page-236?lang=fr&redirect-ssocas=7080</a>

Pas d'exemplaire disponible.

PLUDOC

PLUDOC est la plateforme unique et centralisée de gestion des bibliothèques physiques et numériques de Guinée administré par le CEDUST. Elle est la plus grande base de données de ressources documentaires pour les Étudiants, Enseignants chercheurs et Chercheurs de Guinée.

Adresse

627 919 101/664 919 101

25 boulevard du commerce
Kaloum, Conakry, Guinée

Réseaux sociaux

Powered by Netsen Group @ 2025